01572nabaa22001817a 4500999001500000003000400015005001700019008004100036040000700077100003000084245016400114300001500278505083700293505008901130650003201219773012601251942001301377 c6141d6141OSt20260122232427.0190701b xxu||||| |||| 00| 0 spa d cPJ 918aCassagne, Juan Carlos10aSingularidad y fuentes del sistema judicialista argentino :balcances de la revisión judicial de la actividad de la administración /cJuan Carlos Cassagne. ap. 223-259 aSumario: I. Introducción: sobre las fuentes del sistema judicialista argentino.— II. Un concepto previo: el acto jurisdiccional de la Administración.— III. Reflexiones sobre el modelo constitucional adoptado y la separación de los poderes.— IV. Excurso acerca del juzgamiento de las causas contencioso-administrativas.— V. La proyección en Iberoamérica de la interdicción al Ejecutivo del ejercicio de las funciones judiciales.— VI. Estructura del sistema constitucional argentino de control judicial de la Administración pública: el judicialismo acentuado o puro como producto de nuestra historia y de los antecedentes hispánicos.—VII. Analogías y diferencias entre el derecho norteamericano y el argentino respecto del control judicial de la actividad de la Administración.— VIII. Conclusiones. t¿Te interesa el texto completo? Comunicate al correo: koha@justierradelfuego.gov.ar 09211aDERECHO ADMINISTRATIVO0 0284293251dBuenos Aires : AbeledoPerrot, 2012-oDA121tDerecho administrativo. Nº 149 septiembre/octubre 2023z18510590 2udccANA